Ciudades de Chile por Imagen - Estadísticas

Estadísticas generales
  • Esta prueba ha sido intentada 80 veces
  • La puntuación promedio es 22 de 50
Estadísticas de respuestas
Imagen Hint Respuesta % Correcto
Región de Coquimbo La Serena
86%
Región de Valparaíso Valparaíso
85%
Región de Antofagasta Antofagasta
80%
Región de Valparaíso Viña del Mar
79%
Región de Los Lagos Puerto Montt
73%
Región de Arica y Parinacota Arica
71%
Región de Los Lagos Castro
71%
Región de la Araucanía Temuco
70%
Región Metropolitana Santiago
68%
Región del Biobío Concepción
67%
Región de Coquimbo Coquimbo
65%
Región de la Araucanía Pucón
58%
Región de Los Ríos Valdivia
55%
Región del Ñuble Chillán
53%
Región de Valparaíso San Antonio
53%
Región de Antofagasta San Pedro de Atacama
53%
Región del Maule Talca
53%
Región de Magallanes Punta Arenas
52%
Región de Los Lagos Osorno
50%
Región de la Araucanía Villarrica
50%
Región de Antofagasta Calama
48%
Región de O'Higgins Rancagua
48%
Región del Biobío Los Ángeles
45%
Región de Aysén Coyhaique
39%
Región de Coquimbo Ovalle
39%
Región de Magallanes Puerto Natales
39%
Región de Magallanes Puerto Williams
39%
Región del Maule Curicó
38%
Región de Aysén Puerto Aysén
36%
Región de Atacama Copiapó
33%
Región de Tarapacá Iquique
33%
Región del Maule Linares
33%
Región Metropolitana Buin
32%
Región de Valparaíso Los Andes
29%
Región de Antofagasta Tocopilla
27%
Región de Arica y Parinacota Putre
26%
Región de O'Higgins San Fernando
26%
Región de Tarapacá Alto Hospicio
24%
Región de Valparaíso Quillota
24%
Región Metropolitana Melipilla
23%
Región de Valparaíso Villa Alemana
23%
Región de Atacama Chañaral
21%
Región de Los Ríos La Unión
21%
Región de Atacama Vallenar
21%
Región de la Araucanía Angol
18%
Región de Coquimbo Illapel
17%
Región Metropolitana Lampa
15%
Región de Valparaíso Hanga Roa
14%
Región del Biobío Lota
14%
Región de Valparaíso La Ligua
12%
No se encontraron pruebas coincidentes
Distribución de puntuación
Porcentaje de gente con cada puntuación
Porcentaje por número respondido
Historial de tus puntuaciones
No has intentado esta prueba.